Normal view MARC view

Entry Geographic Name

Number of records used in: 6

001 - CONTROL NUMBER

  • control field: 9388

003 - CONTROL NUMBER IDENTIFIER

  • control field: OSt

005 - DATE AND TIME OF LATEST TRANSACTION

  • control field: 20220903040418.0

008 - FIXED-LENGTH DATA ELEMENTS

  • fixed length control field: 220903|| aca||aabn | a|a d

040 ## - CATALOGING SOURCE

  • Original cataloging agency: OSt
  • Transcribing agency: OSt

151 ## - HEADING--GEOGRAPHIC NAME

  • Geographic name: Sri Lanka
  • General subdivision: Social life and customs

670 ## - SOURCE DATA FOUND

  • Source citation: Work cat.: (OSt)0: Kapferer, Bruce. 9385, The feast of the sorcerer :, c1997.

Library - 09407999929
Admin Office - 09407999979
Dean Office - 09250910768
Registrar Office - 09892297154
Email - [email protected]
Shan State Buddhist University, Phaya Phyu Taunggyi, Shan State, Myanmar.